<The> taxation of direct investments in Germany of a Slovak investor (inbound-investments) dizertačná práca

Guardado en:
Detalles Bibliográficos
Autor principal: Schlör, Peter
Autor Corporativo: Ekonomická univerzita v Bratislave. Fakulta podnikového manažmentu
Otros Autores: Lénártová, Gizela
Formato: Libro
Lenguaje:inglés
Publicado: Bratislava 2008
Materias:
Etiquetas: Agregar Etiqueta
Sin Etiquetas, Sea el primero en etiquetar este registro!

MARC

LEADER 00000nam$a2200000$$$4500
001 0093822
005 20230110080506.7
041 0 |a eng 
044 |a SK 
245 1 0 |a <The> taxation of direct investments in Germany of a Slovak investor (inbound-investments)  |b dizertačná práca  |c Peter Schlör ; škol. Gizela Lénártová 
264 1 |a Bratislava  |c 2008 
300 |a 160 s. 
610 2 0 |a dane 
610 2 0 |a investície priame zahraničné 
610 2 0 |a Nemecko 
610 2 0 |a Slovensko 
100 1 |a Schlör, Peter 
700 1 |a Lénártová, Gizela 
710 2 |a Ekonomická univerzita v Bratislave. Fakulta podnikového manažmentu